| 000 | 00455nam a2200145Ia 4500 | ||
|---|---|---|---|
| 003 | GCL | ||
| 008 | 140319s9999 xx 000 0 ara d | ||
| 040 |
_aGCL / _cGCL |
||
| 082 | 0 | 4 |
_a821 _bم ف |
| 100 | 1 | _aمحمد عنانى | |
| 245 | 1 | 0 |
_aالفردوس المفقود: ملحمة الشاعر الانجليزى جون ملتون / _cمحمد عنانى |
| 700 | 1 | _aميلتون,جون | |
| 300 | _a205 ص | ||
| 490 |
_aالابداع العالمى _v0 |
||
| 999 |
_c47534 _d47534 |
||